Particle-Like Solution of the Maxwell–Lorentz Equations; Russian Physics Journal; Vol. 60, iss. 5
| Parent link: | Russian Physics Journal.— , 1965- Vol. 60, iss. 5.— 2017.— [P. 776-781] |
|---|---|
| Tác giả chính: | |
| Nhiều tác giả của công ty: | , |
| Tác giả khác: | , |
| Tóm tắt: | Title screen It is shown that the Maxwell–Lorentz equations with a nonlinear source of field type can have solutions which asymptotically are solutions of soliton type, so that the electromagnetic field can be localized in space, and the corresponding electromagnetic soliton can move with nonrelativistic velocity. Режим доступа: по договору с организацией-держателем ресурса |
| Ngôn ngữ: | Tiếng Anh |
| Được phát hành: |
2017
|
| Những chủ đề: | |
| Truy cập trực tuyến: | http://dx.doi.org/10.1007/s11182-017-1138-z |
| Định dạng: | Điện tử Chương của sách |
| KOHA link: | https://koha.lib.tpu.ru/cgi-bin/koha/opac-detail.pl?biblionumber=655622 |
MARC
| LEADER | 00000naa0a2200000 4500 | ||
|---|---|---|---|
| 001 | 655622 | ||
| 005 | 20250321163347.0 | ||
| 035 | |a (RuTPU)RU\TPU\network\21881 | ||
| 090 | |a 655622 | ||
| 100 | |a 20170919d2017 k||y0rusy50 ba | ||
| 101 | 0 | |a eng | |
| 135 | |a drcn ---uucaa | ||
| 181 | 0 | |a i | |
| 182 | 0 | |a b | |
| 200 | 1 | |a Particle-Like Solution of the Maxwell–Lorentz Equations |f T. V. Lasukova, V. V. Lasukov, M. O. Abdrashitova | |
| 203 | |a Text |c electronic | ||
| 300 | |a Title screen | ||
| 320 | |a [References: p. 781 (15 tit.)] | ||
| 330 | |a It is shown that the Maxwell–Lorentz equations with a nonlinear source of field type can have solutions which asymptotically are solutions of soliton type, so that the electromagnetic field can be localized in space, and the corresponding electromagnetic soliton can move with nonrelativistic velocity. | ||
| 333 | |a Режим доступа: по договору с организацией-держателем ресурса | ||
| 461 | |t Russian Physics Journal |d 1965- | ||
| 463 | |t Vol. 60, iss. 5 |v [P. 776-781] |d 2017 | ||
| 610 | 1 | |a электронный ресурс | |
| 610 | 1 | |a труды учёных ТПУ | |
| 610 | 1 | |a electromagnetic soliton | |
| 610 | 1 | |a diffusion analog of the Planck constant | |
| 610 | 1 | |a электромагнитные солитоны | |
| 610 | 1 | |a постоянная Планка | |
| 610 | 1 | |a диффузионный аналог | |
| 700 | 1 | |a Lasukova |b T. V. |g Tatjyana Viktorovna | |
| 701 | 1 | |a Lasukov |b V. V. |c mathematician |c Associate Professor of Tomsk Polytechnic University, Candidate of Physical and Mathematical Sciences |f 1954- |g Vladimir Vasilievich |3 (RuTPU)RU\TPU\pers\32635 |9 16547 | |
| 701 | 1 | |a Abdrashitova |b M. O. |c linguist |c Associate Professor of Tomsk Polytechnic University, candidate of philological sciences |f 1980- |g Mariya Ovseevna |3 (RuTPU)RU\TPU\pers\34817 | |
| 712 | 0 | 2 | |a Национальный исследовательский Томский политехнический университет (ТПУ) |b Физико-технический институт (ФТИ) |b Кафедра высшей математики и математической физики (ВММФ) |3 (RuTPU)RU\TPU\col\18727 |
| 712 | 0 | 2 | |a Национальный исследовательский Томский политехнический университет (ТПУ) |b Институт развития стратегического партнерства и компетенций (ИСПК) |b Кафедра методики преподавания иностранных языков (МПИЯ) |3 (RuTPU)RU\TPU\col\18976 |
| 801 | 2 | |a RU |b 63413507 |c 20220422 |g RCR | |
| 856 | 4 | 0 | |u http://dx.doi.org/10.1007/s11182-017-1138-z |
| 942 | |c CF | ||